000 00607nam a2200217Ia 4500
003 OSt
005 20220925225716.0
006 a|||||r|||| 00| 0
007 ta
008 220923b |||||||| |||| 00| 0 eng d
037 _cGeneral Book
040 _aRTL
_cRTL
_beng
041 _2eng
_aeng
082 _aX;75.3.N6, K8
100 _aLipton Michael
_9129988
245 0 _aAssessing Economic Performance
_b SOme Fratures Of
260 _aLondon
_bStaples Press
_c1968
300 _a257p
_ccm.
942 _hX;75.3.N6, K8
_cGB
_2CC
999 _c584054
_d584054